| 000 | 00453nam a22001817a 4500 | ||
|---|---|---|---|
| 003 | MPLRDC | ||
| 005 | 20220104123335.0 | ||
| 008 | 210129b ||||| |||| 00| 0 eng d | ||
| 082 | _a868.71 YL | ||
| 100 | _a叶蕾 | ||
| 245 |
_a像风的记忆 _c |
||
| 250 | _a初版 | ||
| 260 |
_a马来西亚 _b雪隆海南会馆 _c1997 |
||
| 300 | _b174 | ||
| 490 | _a珠崖文学奖丛书之四 | ||
| 650 | _a马华文学--散文集 | ||
| 942 |
_cBK _o868.71 YL |
||
| 999 |
_c10589 _d10579 |
||